| 000 | 00392nam a22001577a 4500 | ||
|---|---|---|---|
| 003 | OSt | ||
| 008 | 240507b |||||||| |||| 00| 0 eng d | ||
| 020 | _a9789357461733 | ||
| 082 | _a658.3 BHH | ||
| 100 | _aBHATTACHARYYA, Dipak | ||
| 245 | _aHR Analytics Understanding Theories and Applications | ||
| 250 | _a2nd Ed | ||
| 260 |
_aNew Delhi _bWiley _c2024 |
||
| 300 | _a222 | ||
| 942 |
_2ddc _cBK |
||
| 999 |
_c12635 _d12635 |
||